| 000 | 00564nam a2200193 a 4500 | ||
|---|---|---|---|
| 005 | 20260415064208.0 | ||
| 008 | 020122s1984 r 000 0 eng d | ||
| 020 | _a8486256054 | ||
| 035 | _aUPN01000114874 | ||
| 049 | _aCG | ||
| 050 | 4 |
_aLB3051 _bD5.3 |
|
| 245 | 0 | 0 |
_aDiagnóstico pedagógico / _cVíctor Alvarez Rojo ... [et al.]. |
| 260 |
_aSevilla, Esp. : _bAlfar, _c[1984]. |
||
| 300 | _a270 p. | ||
| 440 | 0 |
_aAlfar universidad ; _v6. _pManuales |
|
| 650 | 4 |
_aMediciones y pruebas educativas _94299 |
|
| 650 | 4 |
_aEvaluación educativa _94298 |
|
| 905 | _aLibro | ||
| 999 |
_c88622 _d88622 |
||